| 000 | 00554nam a2200193Ia 4500 | ||
|---|---|---|---|
| 003 | LDD | ||
| 008 | 181029s9999 xx 000 0 und d | ||
| 020 |
_a8180692825 _c300.00 |
||
| 040 | _cLDD | ||
| 100 | _aBapat, Surekha Pandit | ||
| 245 | 0 |
_aSpatial efficiency in geography _cSurekha Pandit Bapat |
|
| 260 |
_aNew Delhi _bConcept _c2006 |
||
| 300 | _ax, 146p. | ||
| 365 | _b300.00 | ||
| 901 |
_a8608 _b18-02-2012 |
||
| 902 |
_a10710 _b23-02-2012 _cF _dUPPAL _e91 |
||
| 903 |
_aDiscount-15 _bReqst by : Geeta Kaicker |
||
| 942 |
_2ddc _cBK |
||
| 999 |
_c102180 _d102180 |
||